000
00308 a2200157 4500
001
158763
020
_a
040
_c
Magnum
100
_a
-
240
1
0
_a
Como a natureza funciona
_l
por
245
1
0
_a
Como a natureza funciona
362
0
_a
1899
440
1
_a
Globo
697
_a
COLECAO
942
_c
BK
999
_c
158763
_d
158763